Metody obliczania zapotrzebowania na kapital eksploatacyjny.

Článok je zameraný na metódu výpočtu prevádzkového čiže obežného kapitálu. Potreba prevádzkového kapitálu. Prevádzkový cyklus. Kladná potreba tohto kapitálu. Príklad obchodného podniku. Príklad priemyselného podniku. Nulová a negatívna potreba prevádzkového kapitálu. Hodnotenie veľkosti tohto kapitá...

Descrizione completa

Salvato in:
Dettagli Bibliografici
Autore principale: Szalanski, M.
Natura: Capitolo di libro
Lingua:polacco
Soggetti:
Tags: Aggiungi Tag
Nessun Tag, puoi essere il primo ad aggiungerne!!

MARC

LEADER 00000naa a2200000 4500
001 r008747
005 20221125122519.5
041 0 |a pol 
044 |a PL 
245 1 0 |a Metody obliczania zapotrzebowania na kapital eksploatacyjny.  |c M. Szalanski 
520 |a Článok je zameraný na metódu výpočtu prevádzkového čiže obežného kapitálu. Potreba prevádzkového kapitálu. Prevádzkový cyklus. Kladná potreba tohto kapitálu. Príklad obchodného podniku. Príklad priemyselného podniku. Nulová a negatívna potreba prevádzkového kapitálu. Hodnotenie veľkosti tohto kapitálu. 
610 2 0 |a kapitál obežný 
610 2 0 |a podnik obchodný 
610 2 0 |a podnik priemyselný 
100 1 |a Szalanski, M.